Statystyki dla Waluty Świata

Kliknij tutaj aby rozwiązać quiz!

Ogólne statystyki

  • Ten quiz został rozwiązany 17 590 razy
  • Średni wynik to 13 z 34

Statystyki odpowiedzi

KontynentKrajWaluta% Poprawnych
NiemcyEuro
99%
HiszpaniaEuro
99%
EuropaPolskaZłoty
94%
Ameryka Płn.Stany ZjednoczoneDolar
91%
KanadaDolar
91%
Wielka BrytaniaFunt
85%
CzechyKorona
75%
DaniaKorona
75%
RosjaRubel
72%
SzwajcariaFrank
66%
JaponiaJen
54%
Ameryka Płd.ArgentynaPeso
46%
MeksykPeso
46%
ChorwacjaKuna
42%
UkrainaHrywna
33%
WęgryForint
27%
BułgariaLew
26%
AzjaChinyJuan
20%
TurcjaLira
20%
RumuniaLej
17%
MołdawiaLej
17%
SerbiaDinar
16%
IndieRupia
16%
WenezuelaBoliwar
13%
IzraelSzekel
13%
Korea Płd.Won
13%
Korea Płn.Won
13%
BrazyliaReal
10%
WietnamDong
6%
IranRial
5%
JemenRial
5%
PeruSol
4%
UzbekistanSum
3%
KazachstanTenge
3%

Rozkład punktacji

Percentyl według liczby udzielonych odpowiedzi

Procent ludzi z każdym wynikiem

Twoja historia wyników

Nie rozwiązałeś tego quizu